000 00644nam a22001337a 4500
040 _cRUA
082 _aGRS SEN 2017 B641 Or.1
100 _aSENG PUTREA សេង ពុទ្រា
245 _atomato technique at anhchanhrong commune boribo district kampong chhnang province បច្ចេកទេសដាំណាំប៉េងប៉ោះនៅអញ្ចញរូងស្រុកបរិបូណ៍ ខេត្តកំពង់ឆ្នាំ
260 _aRUA
_bphnom penh
_c2017
300 _aix;37p
_bill;
_c29cm
856 _uhttps://drive.google.com/file/d/1TxxPzMiJp80jyQB6n1-xn5Ys0uVavL5W/view?usp=sharing
942 _cGRS
999 _c18081
_d18081